000 01824nam0a2200385 4500
001 RU\NLR\bibl\194126
005 20260405073614.0
010 _a5-7882-0158-6
_9100
021 _aRU
_b2001-18363
_9858
035 _a(NLR Aleph) 000190619
090 _a1102348
_c1102348
100 _a20010629d2000 |||y0rusy50 ca
101 0 _arus
102 _aRU
105 _ay |||||||||
200 1 _aМолоко. Состав. Химические свойства органических компонентов
_eУчеб. пособие
_fШ. Н. Ибрагимов, В. М. Захаров, В. В. Москва
_gМ-во образования Рос. Федерации, Казан. гос. технол. ун-т
210 _aКазань
_cИзд-во Казан. гос. технол. ун-та
_d2000
215 _a47 с.
_d20
320 _aБиблиогр.: с. 45
606 0 _aМолоко
_jРуководства, пособия и т.п. для высшей школы
_xХимический состав
_91430031
_3RU\NLR\auth\66604363
606 0 _aМолоко
_jУчебные издания для высшей школы
_xХимический состав
_91430031
_3RU\NLR\auth\66604363
610 0 _aМолоко - Химический состав
675 _a637.1.07(075.8)
_v3
_zrus
686 _a65.63
_2rugasnti
686 _a36.95я73
_2rubbk
686 _aЛ95-101я73-1
700 1 _aИбрагимов
_bШ. Н.
_4070
701 1 _4070
_8rus
_7ca
_aЗахаров
_bВ. М.
_cд-р техн. наук
_gВячеслав Михайлович
_3RU\NLR\auth\7725713
_98758
701 1 _aМосква
_gВиктор Владимирович
_4070
801 0 _aRU
_bRKP
_c20010629
_gPSBO
801 1 _aRU
_bRKP
_c20010629
801 2 _aRU
_bNLR
_c20090610
_grcr
942 _cBOOK
980 _aNB